000 01125cam a2200289 a 4500
001 bonegamesonemans00schu
003 CaSfIA
005 20230525154648.0
007 cr||||
008 851209r19861984nyu 000 0 eng
010 _a 85029363
040 _aDLC
_cDLC
_dMUQ
_dBTCTA
_dBAKER
_dYDXCP
_dCaSfIA
020 _a0880640588 (pbk.) :
_c$7.95
020 _a9780880640589 (pbk.)
035 _a(OCoLC)12976055
050 1 0 _aGV706.4
_b.S35 1986
082 0 0 _a796/.01
_219
100 1 _aSchultheis, Rob.
245 1 0 _aBone games :
_h[electronic resource]
_bone man's search for the ultimate athletic high /
_cRob Schultheis.
260 _aNew York :
_bFromm International Pub. Corp.,
_c1986, c1984.
300 _a181 p. ;
_c21 cm.
500 _aReprint. Originally published: New York : Random House, 1984.
650 0 _aSports
_xPsychological aspects.
650 6 _aSports
_xAspect psychologique.
856 4 1 _uhttp://www.archive.org/details/bonegamesonemans00schu
_zFree eBook from the Internet Archive
856 4 2 _uhttp://www.openlibrary.org/books/OL2547435M
_zAdditional information and access via Open Library
999 _c16720
_d16720